Southville International School and Colleges
Your cart is empty.
  • Cart
  • Lists
    Public lists Eva Luna New books Lux_list list_1
    Your lists Log in to create your own lists
  • Log in to your account
  • Your cookies
  • Search history
Southville International School and Colleges
  • Advanced search
  • Recent comments
  • Most popular
  • Libraries

Log in to your account

Log in with GOOGLE


If you do not have an external account, but do have a local account, you can still log in:

  1. Home
  2. MARC view: Prentice hall writing coach :
Normal view MARC view ISBD view

Prentice hall writing coach : (Record no. 296180)

[ view plain ]
MARC details
000 -LEADER
fixed length control field 00647nam a22001937a 4500
003 - CONTROL NUMBER IDENTIFIER
control field SISC
005 - DATE AND TIME OF LATEST TRANSACTION
control field 20160627113259.0
008 - FIXED-LENGTH DATA ELEMENTS--GENERAL INFORMATION
fixed length control field 160622b xxu||||| |||| 00| 0 eng d
020 ## - INTERNATIONAL STANDARD BOOK NUMBER
International Standard Book Number 9780132531405
050 ## - LIBRARY OF CONGRESS CALL NUMBER
Classification number PE 1128 .An545 2012
245 ## - TITLE STATEMENT
Title Prentice hall writing coach :
Remainder of title Grade 6 /
Statement of responsibility, etc Jeff Anderson [and] Kelly Gallagher.
260 ## - PUBLICATION, DISTRIBUTION, ETC. (IMPRINT)
Place of publication, distribution, etc NJ, USA :
Name of publisher, distributor, etc Pearson Education,
Date of publication, distribution, etc c2012.
300 ## - PHYSICAL DESCRIPTION
Extent xxxii, 630 p. :
Other physical details col. ill. ;
Dimensions 26 cm.
650 ## - SUBJECT ADDED ENTRY--TOPICAL TERM
Topical term or geographic name as entry element English language--Grammar--Textbooks.
650 ## - SUBJECT ADDED ENTRY--TOPICAL TERM
Topical term or geographic name as entry element English language--Composition--Textbooks.
650 ## - SUBJECT ADDED ENTRY--TOPICAL TERM
Topical term or geographic name as entry element English language--Composition.
700 ## - ADDED ENTRY--PERSONAL NAME
Personal name Gallagher, Kelly.
942 ## - ADDED ENTRY ELEMENTS (KOHA)
Source of classification or shelving scheme Library of Congress Classification
Koha item type Books
Holdings
Withdrawn status Lost status Source of classification or shelving scheme Damaged status Home library Current library Shelving location Date acquired Source of acquisition Total Checkouts Total Renewals Full call number Barcode Date last seen Date checked out Price effective from Koha item type
    Library of Congress Classification   Luxembourg Library Luxembourg Library Teachers Reference Section 06/22/2016 Library Fund 2 4 PE 1128 .An545 2012 20217 04/23/2024 06/03/2022 06/22/2016 Books

Prentice hall writing coach :

APA

Gallagher K., . (2012). Prentice hall writing coach. NJ, USA: Pearson Education.

Chicago

Gallagher Kelly, . 2012. Prentice hall writing coach. NJ, USA: Pearson Education.

Harvard

Gallagher K., . (2012). Prentice hall writing coach. NJ, USA: Pearson Education.

MLA

Gallagher Kelly, . Prentice hall writing coach. NJ, USA: Pearson Education. 2012.

  • Place hold
  • Print
  • Cite
  • Add to your cart (remove)
  • Save record
    BIBTEX Dublin Core MARCXML MARC (non-Unicode/MARC-8) MARC (Unicode/UTF-8) MARC (Unicode/UTF-8, Standard) MODS (XML) RIS
  • More searches
    Search for this title in:
    Other Libraries (WorldCat) Other Databases (Google Scholar) Online Stores (Bookfinder.com) Open Library (openlibrary.org)

Exporting to Dublin Core...

SOUTHVILLE LIBRARY

Southville International School and Colleges Library

1281 Tropical Ave. Cor. Luxembourg St., BF Homes International, Las Pinas City

Tel. No. 8256374 / 252358 Loc. 117/146

Powered by Koha